Monarchs of England / Great Britain / UK - Sudden Death - Statistics

General Stats
  • This quiz has been taken 192 times
    105 since last reset
  • The average score is 9 of 15
Answers on the Grid
Answers color-coded by a green-red scale on the quiz's grid according to % correct below.
Edward VIII
Henry III
Mary I
Mary IV
Henry IX
Edward IX
John II
Victoria II
Mary III
Stephen
Edward ShortShanks
Elizabeth I
Anne
Henry Of Hartington
Philip II
William Rufus
Arthur I
Malcolm III
William IV
Edward The Elder
Aethelstan
George The Warrior
Edgar The Peaceful
Margaret Of Modena
Edmund Ironside
Richard The Tigerheart
Alfred The Great
Henry IV
William V
Anne II
Jane
 
Answer Stats
Answer % Correct
Henry III
88%
Edward VIII
85%
Mary I
85%
Elizabeth I
80%
Anne
73%
Stephen
71%
Henry IV
66%
Alfred The Great
56%
Aethelstan
54%
William IV
54%
Edmund Ironside
37%
Edgar The Peaceful
34%
Jane
34%
William Rufus
34%
Edward The Elder
29%
No matching quizzes found
Score Distribution
Percent of People with Each Score
Percentile by Number Answered
Your Score History
You have not taken this quiz since the last reset